[Event "Asia zt 3.2"]
[Site "Colombo"]
[Date "2013.02.05"]
[Round "4"]
[White "Wijekoon, Chandana"]
[Black "Hapuarachchi, HLM"]
[Result "1-0"]
[WhiteElo "2032"]
[BlackElo "2004"]
[PlyCount "101"]
[EventDate "2013.02.03"]
[EventType "swiss"]
[EventRounds "9"]
[EventCountry "SRI"]
[SourceTitle "CBM 153 Extra"]
[Source "ChessBase"]
[SourceDate "2013.04.22"]
[SourceVersion "1"]
[SourceVersionDate "2013.04.22"]
[SourceQuality "1"]

1. d4 Nf6 2. Nf3 g6 3. Bf4 Bg7 4. e3 d6 5. h3 0-0 6. Be2 Nc6 7. 0-0 e5 8. Bh2 exd4 9. exd4 Ne4 10. Nbd2 f5 11. c3 Nxd2 12. Qxd2 h6 13. h4 Qf6 14. Bf4 Kh7 15. g3 Bd7 16. Kg2 Ne7 17. Bc4 Be6 18. d5 Bd7 19. Rae1 Rae8 20. Nd4 Nc8 21. Ne6 Bxe6 22. dxe6 Nb6 23. Bb3 Qe7 24. a4 Rd8 25. a5 Nc8 26. a6 b5 27. Qd5 Qe8 28. Qb7 Qe7 29. Qxb5 Nb6 30. Qc6 Rfe8 31. Rd1 Rb8 32. Ba2 Nc8 33. Rd2 Rb6 34. Qc4 c6 35. Re1 d5 36. Qa4 Rb5 37. Rde2 Nb6 38. Qc2 Ra5 39. Bb3 c5 40. Qd1 c4 41. Bc2 Rf8 42. h5 g5 43. Be5 Kg8 44. Qd4 Bxe5 45. Rxe5 f4 46. Rf5 Rxf5 47. Bxf5 fxg3 48. fxg3 Nc8 49. Qe5 Rb5 50. Re2 Nd6 51. Bg6 1-0

[Event "Wch U18"]
[Site "Kemer"]
[Date "2009.11.19"]
[Round "8"]
[White "Poleshchuk, Dmitriy"]
[Black "Hapuarachchi, HLM"]
[Result "1-0"]
[WhiteElo "2234"]
[BlackElo "2019"]
[PlyCount "71"]
[EventDate "2009.11.12"]
[EventType "swiss"]
[EventRounds "11"]
[EventCountry "TUR"]
[SourceTitle "EXT 2010"]
[Source "ChessBase"]
[SourceDate "2010.11.25"]
[SourceVersion "1"]
[SourceVersionDate "2010.11.25"]
[SourceQuality "1"]

1. e4 d6 2. d4 Nf6 3. Nc3 e5 4. Nf3 exd4 5. Qxd4 Be7 6. Bg5 0-0 7. 0-0-0 Be6 8. Qd2 a6 9. h4 c5 10. Bf4 Nc6 11. Ng5 Nd4 12. f3 b5 13. Ne2 Nxe2+ 14. Bxe2 d5 15. e5 Nd7 16. Bd3 g6 17. h5 c4 18. Be2 c3 19. bxc3 Qa5 20. hxg6 Qa3+ 21. Kb1 d4 22. gxf7+ Bxf7 23. e6 Bg6 24. cxd4 Bb4 25. Qc1 Qc3 26. Bd2 Qxd4 27. Bxb4 Qxb4+ 28. Qb2 Qe7 29. Nxh7 Ra7 30. Ng5 Nf6 31. Nf7 Qxe6 32. Nh6+ Kh8 33. Rd6 Qxe2 34. Rxf6 Kh7 35. Rxa6 Rxa6 36. Nf5+ 1-0

[Event "Ravana op"]
[Site "Ravana"]
[Date "2009.09.15"]
[Round "4"]
[White "Hapuarachchi, HLM"]
[Black "Srivachirawat, Kannapon"]
[Result "0-1"]
[WhiteElo "1998"]
[BlackElo "2252"]
[PlyCount "54"]
[EventDate "2009.09.13"]
[EventType "swiss"]
[EventRounds "10"]
[EventCountry "SRI"]
[SourceTitle "EXT 2010"]
[Source "ChessBase"]
[SourceDate "2010.11.25"]
[SourceVersion "1"]
[SourceVersionDate "2010.11.25"]
[SourceQuality "1"]

1. e4 c5 2. Nc3 Nc6 3. f4 g6 4. Nf3 Bg7 5. Bb5 Nd4 6. 0-0 Nxb5 7. Nxb5 Nf6 8. d3 d6 9. Nc3 0-0 10. Qe1 Bd7 11. Qh4 b5 12. f5 b4 13. Ne2 gxf5 14. Bh6 Bxh6 15. Qxh6 Ng4 16. Qg5+ Kh8 17. exf5 Rg8 18. Qf4 Rg7 19. h3 Nf6 20. Ng5 Qg8 21. h4 h6 22. Ne4 Rxg2+ 23. Kh1 Rxe2 24. Rg1 Qh7 25. Nxf6 exf6 26. Qf3 Rae8 27. Rg3 Qxf5 0-1

[Event "Asia zt 3.2"]
[Site "New Delhi"]
[Date "2009.08.10"]
[Round "3"]
[White "Rahman, Ziaur"]
[Black "Hapuarachchi, HLM"]
[Result "1-0"]
[WhiteElo "2538"]
[BlackElo "2001"]
[PlyCount "73"]
[EventDate "2009.08.09"]
[EventType "tourn"]
[EventRounds "13"]
[EventCountry "IND"]
[EventCategory "3"]
[SourceTitle "CBM 131 Extra"]
[Source "ChessBase"]
[SourceDate "2009.09.03"]
[SourceVersion "2"]
[SourceVersionDate "2009.09.16"]
[SourceQuality "1"]

1. Nf3 Nf6 2. c4 g6 3. Nc3 Bg7 4. e4 d6 5. d4 0-0 6. h3 Nbd7 7. Bg5 e5 8. d5 a5 9. Nd2 h6 10. Be3 Nh5 11. g3 b6 12. Be2 Nhf6 13. h4 Nc5 14. a3 Bd7 15. b4 Nb7 16. Rb1 Ne8 17. Nb3 a4 18. Nc1 f5 19. Nd3 fxe4 20. Nxe4 Bf5 21. f3 Nf6 22. Ndf2 Nxe4 23. fxe4 Bd7 24. 0-0 Qe7 25. Qd2 Kh7 26. Ng4 Bxg4 27. Bxg4 Rxf1+ 28. Rxf1 Rf8 29. Rxf8 Qxf8 30. h5 gxh5 31. Bxh5 Nd8 32. Qd1 Qf6 33. Bg4 Nf7 34. Bf5+ Kg8 35. Qxa4 Ng5 36. Qe8+ Bf8 37. Kg2 1-0

[Event "Asia-ch U20"]
[Site "Sri Lanka"]
[Date "2009.07.06"]
[Round "7"]
[White "Shyam, Sundar M"]
[Black "Hapuarachchi, HLM"]
[Result "1-0"]
[WhiteElo "2415"]
[BlackElo "2001"]
[PlyCount "65"]
[EventDate "2009.07.02"]
[EventType "swiss"]
[EventRounds "9"]
[EventCountry "SRI"]
[SourceTitle "EXT 2010"]
[Source "ChessBase"]
[SourceDate "2010.11.25"]
[SourceVersion "1"]
[SourceVersionDate "2010.11.25"]
[SourceQuality "1"]

1. e4 d6 2. d4 Nf6 3. Nc3 e5 4. Nf3 exd4 5. Nxd4 Be7 6. Be2 0-0 7. 0-0 Re8 8. f4 Bf8 9. Bf3 c5 10. Nb3 Nc6 11. Kh1 Be6 12. Be3 a6 13. Bg1 Qc7 14. g4 Rab8 15. g5 Nd7 16. Nd2 f6 17. Bh5 Bf7 18. Bxf7+ Kxf7 19. Rf3 Kg8 20. Rh3 fxg5 21. Nf3 Ne7 22. Nxg5 Nf6 23. Qf1 b5 24. Rd1 h6 25. Ne6 Qc6 26. Qg2 Ng6 27. Qxg6 Rxe6 28. Rxh6 Rbe8 29. Qg2 Nxe4 30. Rxe6 Rxe6 31. Nd5 Qd7 32. Re1 Nf6 33. f5 1-0

[Event "Asia-ch U20"]
[Site "Sri Lanka"]
[Date "2009.07.04"]
[Round "4"]
[White "Hapuarachchi, HLM"]
[Black "Subramaniam, Sumanth"]
[Result "1/2-1/2"]
[WhiteElo "2001"]
[BlackElo "2043"]
[PlyCount "85"]
[EventDate "2009.07.02"]
[EventType "swiss"]
[EventRounds "9"]
[EventCountry "SRI"]
[SourceTitle "EXT 2010"]
[Source "ChessBase"]
[SourceDate "2010.11.25"]
[SourceVersion "1"]
[SourceVersionDate "2010.11.25"]
[SourceQuality "1"]

1. e4 c5 2. Nc3 a6 3. Nf3 d6 4. d4 cxd4 5. Nxd4 Nf6 6. Be2 e5 7. Nb3 Be7 8. 0-0 0-0 9. Be3 Be6 10. a4 Nbd7 11. f3 Qc7 12. g4 Nb6 13. Bg5 Nc4 14. Qc1 Rac8 15. Bxc4 Bxc4 16. Rf2 h6 17. Be3 d5 18. exd5 Nxd5 19. Nxd5 Bxd5 20. Qf1 f5 21. gxf5 Rxf5 22. Qd3 Be6 23. Qe4 Rcf8 24. Nd2 Qc6 25. Qxc6 bxc6 26. Raf1 Bh4 27. Rg2 Kh7 28. Rg4 Rh5 29. Rb4 Bh3 30. Rd1 Rf6 31. Kh1 Bg5 32. Bxg5 hxg5 33. Rg1 Be6 34. Ne4 Rf4 35. Rxg5 Kh6 36. Rxh5+ Kxh5 37. Kg2 Bd5 38. Kg3 g5 39. h3 a5 40. Rb6 Bxe4 41. fxe4 Rxe4 42. Rxc6 Rxa4 43. Rc5 1/2-1/2

[Event "Commonwealth-ch"]
[Site "New Delhi"]
[Date "2007.12.09"]
[Round "9"]
[White "Hapuarachchi, HLM"]
[Black "Negi, Digvijay Singh"]
[Result "0-1"]
[WhiteElo "1922"]
[BlackElo "2056"]
[PlyCount "104"]
[EventDate "2007.12.03"]
[EventType "swiss"]
[EventRounds "10"]
[EventCountry "IND"]
[SourceTitle "CBM 121 Extra"]
[Source "ChessBase"]
[SourceDate "2008.01.10"]
[SourceVersion "1"]
[SourceVersionDate "2008.01.10"]
[SourceQuality "1"]

1. e4 c5 2. Nf3 Nc6 3. d4 cxd4 4. Nxd4 g6 5. Nc3 Bg7 6. Be3 Nf6 7. f3 0-0 8. Qd2 d5 9. 0-0-0 dxe4 10. Nxc6 Qxd2+ 11. Rxd2 bxc6 12. Nxe4 Nd5 13. Bg5 f6 14. c4 fxg5 15. cxd5 g4 16. Kb1 cxd5 17. Rxd5 gxf3 18. gxf3 Be6 19. Rb5 Rad8 20. Ng5 Rd1+ 21. Kc2 Rxf1 22. Rxf1 Bc4 23. Rb7 Bxf1 24. Rxa7 Rc8+ 25. Kd1 Bh6 26. f4 Bxg5 27. fxg5 Kf7 28. a4 Rc5 29. b4 Rxg5 30. b5 Bxb5 31. axb5 Rxb5 32. Ra2 Rh5 33. Ke1 Kf6 34. Kf1 e5 35. Rb2 Kf5 36. Ra2 e4 37. Ra5+ Kg4 38. Ra2 e3 39. Rg2+ Kf3 40. Ra2 Rb5 41. Ra1 Rb2 42. Kg1 g5 43. Rc1 g4 44. Rf1+ Rf2 45. Ra1 Rg2+ 46. Kh1 Rd2 47. Kg1 e2 48. Ra3+ Rd3 49. Rxd3+ Ke4 50. Kf2 Kxd3 51. Ke1 Ke3 52. h3 g3 0-1

[Event "Commonwealth-ch"]
[Site "New Delhi"]
[Date "2007.12.07"]
[Round "7"]
[White "Hapuarachchi, HLM"]
[Black "Fenil, Shah"]
[Result "0-1"]
[WhiteElo "1922"]
[BlackElo "2124"]
[PlyCount "82"]
[EventDate "2007.12.03"]
[EventType "swiss"]
[EventRounds "10"]
[EventCountry "IND"]
[SourceTitle "CBM 121 Extra"]
[Source "ChessBase"]
[SourceDate "2008.01.10"]
[SourceVersion "1"]
[SourceVersionDate "2008.01.10"]
[SourceQuality "1"]

1. e4 c5 2. Nf3 e6 3. d4 cxd4 4. Nxd4 Nc6 5. Nc3 Qc7 6. Ndb5 Qb8 7. a4 a6 8. Na3 Nf6 9. Be3 Bb4 10. Bd3 d5 11. Bd2 0-0 12. 0-0 Rd8 13. Re1 Bd6 14. h3 Be5 15. Qc1 Qa7 16. Bf4 Bd4 17. Re2 Qc5 18. Nab1 dxe4 19. Nxe4 Nxe4 20. Bxe4 f5 21. Bf3 Bf6 22. Be3 Nd4 23. Rd2 Nxf3+ 24. gxf3 Qc7 25. Rxd8+ Qxd8 26. a5 e5 27. f4 exf4 28. Bxf4 g5 29. Bd2 f4 30. h4 Qd7 31. Qf1 Qg4+ 32. Qg2 Qxh4 33. Bc3 Bxc3 34. Nxc3 Qg4 35. Qxg4 Bxg4 36. Nd5 Bf3 37. Nb6 Re8 38. Kf1 Re6 39. Ra3 g4 40. Ra4 Rd6 41. Ra1 Rh6 0-1

[Event "Commonwealth-ch"]
[Site "New Delhi"]
[Date "2007.12.05"]
[Round "4"]
[White "Pon, Namasivayam Krithik"]
[Black "Hapuarachchi, HLM"]
[Result "1-0"]
[WhiteElo "2140"]
[BlackElo "1922"]
[PlyCount "87"]
[EventDate "2007.12.03"]
[EventType "swiss"]
[EventRounds "10"]
[EventCountry "IND"]
[SourceTitle "CBM 121 Extra"]
[Source "ChessBase"]
[SourceDate "2008.01.10"]
[SourceVersion "1"]
[SourceVersionDate "2008.01.10"]
[SourceQuality "1"]

1. e4 e6 2. d4 d5 3. Nc3 Bb4 4. e5 c5 5. a3 Bxc3+ 6. bxc3 Ne7 7. Qg4 Ng6 8. h4 h5 9. Qg3 Nc6 10. Ne2 Qa5 11. Kd1 Bd7 12. Bg5 Qa4 13. Qe3 Rc8 14. Qd2 cxd4 15. cxd4 Na5 16. Nc3 Qc6 17. Nb5 0-0 18. Nxa7 Qb6 19. Nxc8 Rxc8 20. Qb4 Qa7 21. Be3 Nc4 22. Bd3 Nf4 23. g3 Nxd3 24. cxd3 Nxe3+ 25. fxe3 Qa4+ 26. Qxa4 Bxa4+ 27. Ke2 Rc2+ 28. Kf3 Rd2 29. Rhf1 Rxd3 30. Rf2 Rc3 31. Rb2 b5 32. Ke2 Rc2+ 33. Rxc2 Bxc2 34. Kd2 Bb3 35. Kc3 Bc4 36. Kb4 Kh7 37. Kc5 Kh6 38. Rb1 g5 39. Rxb5 Bxb5 40. Kxb5 Kg6 41. a4 Kf5 42. a5 Ke4 43. a6 Kxe3 44. Kc5 1-0

[Event "Commonwealth-ch"]
[Site "New Delhi"]
[Date "2007.12.04"]
[Round "3"]
[White "Hapuarachchi, HLM"]
[Black "Kathmale, Sameer"]
[Result "1/2-1/2"]
[WhiteElo "1922"]
[BlackElo "2099"]
[PlyCount "100"]
[EventDate "2007.12.03"]
[EventType "swiss"]
[EventRounds "10"]
[EventCountry "IND"]
[SourceTitle "CBM 121 Extra"]
[Source "ChessBase"]
[SourceDate "2008.01.10"]
[SourceVersion "1"]
[SourceVersionDate "2008.01.10"]
[SourceQuality "1"]

1. e4 c6 2. d4 d5 3. e5 Bf5 4. g4 Bg6 5. h4 h5 6. g5 e6 7. Bd3 Ne7 8. Bxg6 Nxg6 9. Ne2 c5 10. c3 Nc6 11. Nd2 cxd4 12. cxd4 Qa5 13. Kf1 Qb5 14. Kg1 Qd3 15. Qf1 Be7 16. Nb3 a5 17. Rh3 Qb5 18. a4 Qb6 19. Qd1 Rc8 20. Ng3 Nb4 21. Nxh5 Nc2 22. Rb1 Kd7 23. Bd2 Nxd4 24. Bxa5 Qa6 25. Qxd4 Rxh5 26. Bb6 Rc4 27. Qe3 Rg4+ 28. Kh2 Rgxh4 29. Rxh4 Rxh4+ 30. Kg3 Qc4 31. Nd4 Re4 32. Qc1 Qd3+ 33. f3 Bd8 34. Bxd8 Kxd8 35. Qc5 Rxd4 36. Qd6+ Kc8 37. Qc5+ Kb8 38. Qd6+ Ka8 39. Rd1 Rg4+ 40. Kxg4 Qc4+ 41. Kg3 Qh4+ 42. Kg2 Qxg5+ 43. Kf1 Qh4 44. Qc5 Qh1+ 45. Ke2 Nf4+ 46. Kd2 Qg2+ 47. Kc1 Qxf3 48. Qa5+ Kb8 49. Qd8+ Ka7 50. Qa5+ Kb8 1/2-1/2

[Event "Wch U16"]
[Site "Kemer"]
[Date "2007.11.22"]
[Round "6"]
[White "Hasanagic, Anel"]
[Black "Hapuarachchi, HLM"]
[Result "1-0"]
[WhiteElo "2064"]
[BlackElo "1922"]
[PlyCount "77"]
[EventDate "2007.11.18"]
[EventType "swiss"]
[EventRounds "11"]
[EventCountry "TUR"]
[SourceTitle "CBM 121 Extra"]
[Source "ChessBase"]
[SourceDate "2008.01.10"]
[SourceVersion "1"]
[SourceVersionDate "2008.01.10"]
[SourceQuality "1"]

1. e4 e6 2. d4 d5 3. e5 c5 4. c3 Qb6 5. Nf3 Nc6 6. Bd3 cxd4 7. cxd4 Bd7 8. 0-0 Nxd4 9. Nxd4 Qxd4 10. Nc3 Qxe5 11. Re1 Qd6 12. Nb5 Qb8 13. Qf3 Bd6 14. Nxd6+ Qxd6 15. Bf4 Qb6 16. Qg3 Ne7 17. Qxg7 Rg8 18. Qf6 Ng6 19. Bg5 Qd6 20. h4 Bc6 21. Bf5 Nf8 22. Rad1 Qd8 23. Qh6 Qd6 24. Rd2 Kd7 25. Qf6 Ke8 26. Rde2 Bd7 27. Qh6 Rc8 28. Bh3 Rg6 29. Qh5 Rc4 30. f4 d4 31. f5 d3 32. Rf2 Rg7 33. fxe6 Bxe6 34. Bh6 Rg6 35. Bxf8 Qxf8 36. Bxe6 d2 37. Bxf7+ Kd8 38. Rxd2+ Rd6 39. Rxd6+ 1-0

[Event "Wch U16"]
[Site "Kemer"]
[Date "2007.11.18"]
[Round "1"]
[White "Hapuarachchi, HLM"]
[Black "Mustafaev, Khurshed"]
[Result "0-1"]
[WhiteElo "1922"]
[BlackElo "2293"]
[PlyCount "78"]
[EventDate "2007.11.18"]
[EventType "swiss"]
[EventRounds "11"]
[EventCountry "TUR"]
[SourceTitle "CBM 121 Extra"]
[Source "ChessBase"]
[SourceDate "2008.01.10"]
[SourceVersion "1"]
[SourceVersionDate "2008.01.10"]
[SourceQuality "1"]

1. e4 c5 2. Nf3 d6 3. d4 cxd4 4. Nxd4 Nf6 5. Nc3 a6 6. Be2 e6 7. Be3 Be7 8. a4 Nc6 9. Nb3 b6 10. f4 Qc7 11. 0-0 0-0 12. Bf3 Rb8 13. Qe1 Nd7 14. g4 Na5 15. Nxa5 bxa5 16. Rb1 Bb7 17. Qf2 Bf6 18. Ba7 Rbc8 19. Rfd1 Bxc3 20. bxc3 Bc6 21. Bb6 Nxb6 22. Rxb6 Bxa4 23. Rxa6 Qxc3 24. Raxd6 Bb5 25. e5 a4 26. Be4 a3 27. Qd4 Qh3 28. Kh1 Be2 29. Bg2 Qxg4 30. Rc1 a2 31. Rd7 Rc4 32. Qb2 Bf3 33. Rd2 Qxf4 34. Rf2 Bxg2+ 35. Rxg2 Rb4 36. Qa1 Qxc1+ 37. Qxc1 Rb1 38. Rg1 Rxc1 39. Rxc1 Rb8 0-1

[Event "World ol U16 06th"]
[Site "Singapore"]
[Date "2007.08.08"]
[Round "7"]
[White "Parmar, Amisha"]
[Black "Hapuarachchi, HLM"]
[Result "1/2-1/2"]
[WhiteElo "2011"]
[BlackElo "1909"]
[PlyCount "67"]
[EventDate "2007.08.05"]
[EventType "team-swiss"]
[EventRounds "10"]
[EventCountry "SIN"]
[SourceTitle "EXT 2008"]
[Source "ChessBase"]
[SourceDate "2007.11.25"]
[SourceVersion "1"]
[SourceVersionDate "2007.11.25"]
[SourceQuality "1"]

1. e4 e6 2. d4 d5 3. Nc3 Bb4 4. e5 c5 5. Bd2 cxd4 6. Nb5 Bf8 7. Nxd4 Nc6 8. Bc3 Nge7 9. f4 Nxd4 10. Bxd4 Nc6 11. Nf3 Nxd4 12. Qxd4 Bd7 13. 0-0-0 Qc7 14. g4 Rc8 15. c3 Bc5 16. Qd3 a6 17. Bh3 Bb5 18. Qd2 Qb6 19. Nd4 Ba4 20. Nc2 Bxc2 21. Kxc2 Be3 22. Qe2 Bxf4 23. Rhf1 Qe3 24. Qxe3 Bxe3 25. Rf3 Ba7 26. g5 Rc7 27. Rdf1 Re7 28. Bg4 Bb8 29. Re1 Kd7 30. Rd3 Kc6 31. Bf3 b5 32. Rd4 Rc7 33. Kd3 Kb6 34. Bd1 1/2-1/2